Raig-e-Darya (Record no. 17850)

000 -LEADER
fixed length control field 00442nam a22001577a 4500
020 ## - INTERNATIONAL STANDARD BOOK NUMBER
ISBN 9690007483
082 ## - DEWEY DECIMAL CLASSIFICATION NUMBER
Classification number 891.4391
100 ## - MAIN ENTRY--AUTHOR NAME
Personal name Arif, Khalid Mahmood
245 ## - TITLE STATEMENT
Title Raig-e-Darya
Statement of responsibility Khalid Mahmood Arif
250 ## - EDITION STATEMENT
Edition statement 1st
260 ## - PUBLICATION, DISTRIBUTION, ETC. (IMPRINT)
Place of publication Lahore
Name of publisher Ferooz Sons Pvt. Ltd.
Year of publication 1987
300 ## - PHYSICAL DESCRIPTION
Number of Pages 260 Pages
Other physical details 22x14 cm
-- HB
500 ## - GENERAL NOTE
General note Urdu Poetry.
650 ## - SUBJECT ADDED ENTRY--TOPICAL TERM
Topical Term Urdu Literature - Poetry
-- Literature - Poetry
-- Literature - Urdu Poetry
942 ## - ADDED ENTRY ELEMENTS (KOHA)
Koha item type Books
Holdings
Withdrawn status Lost status Collection code Permanent Location Current Location Shelving location Date acquired Source of acquisition Full call number Accession Number Koha item type
    Non-fiction Garrison Public Library Multan Garrison Public Library Multan General Stacks 2017-02-16 MSL 891.4391 A696R 1987 26187 Books

Copyright © 2018. Powered by GPL Web Admin